| 000 | 00717nam a2200205 a 4500 | ||
|---|---|---|---|
| 001 | 000029886 | ||
| 003 | DO-SdBNP | ||
| 005 | 20180213075043.0 | ||
| 007 | 000029886 | ||
| 008 | 110426s1998 dr ac 000 0 spa d | ||
| 040 |
_aBPMET _bspa _cBPMET |
||
| 110 | 2 |
_aRepública Dominicana _bSecretaría de Estado de Educación Bellas Artes y Cultura |
|
| 245 | 1 | 0 |
_aGuía de efemérides y de actividades educativas / _cpresentación Ligia Amada Melo de Cardona |
| 260 |
_aSanto Domingo : _bDirección General de Cultura _c[190?] |
||
| 300 |
_a15 p. ; _c28 cm. |
||
| 700 | 1 | _aMelo de Cardona, Ligia Amada | |
| 942 |
_2ddc _cBK |
||
| 945 | _aRemanejado para la BNPHU / 2018 VM | ||
| 956 |
_aVMATEO _b10 _c20150204 _lBPMSU _h0069 |
||
| 999 |
_c7341 _d7341 |
||